[Event "DEM U14 2022"]
[Site "Willingen GER"]
[Date "2022.06.11"]
[Round "9"]
[White "Huber, Benedikt"]
[Black "Haubold, Sebastian Marcel"]
[Result "0-1"]
[Termination "normal"]
[Board "8"]
[WhiteElo "1780"]
[BlackElo "1889"]
[WhiteClock "00:00:49"]
[BlackClock "00:06:55"]
[PlyCount "76"]
[WhiteFideId "16281225"]
[BlackFideId "16259637"]
[EventCountry "GER"]
[EventRounds "9"]
[EventType "swiss"]
[EventDate "2022.06.04"]

1. e4 {[%clk 1:30:57]} c5 {[%clk 1:30:28]} 2. Nf3 {[%clk 1:31:13]} d6 {[%clk
1:30:53]} 3. d4 {[%clk 1:31:30]} cxd4 {[%clk 1:31:17]} 4. Nxd4 {[%clk 1:31:58]}
Nf6 {[%clk 1:31:36]} 5. Nc3 {[%clk 1:32:22]} a6 {[%clk 1:32:03]} 6. Bd3 {[%clk
1:32:14]} e5 {[%clk 1:32:26]} 7. Nde2 {[%clk 1:32:39]} Be7 {[%clk 1:32:49]} 8.
O-O {[%clk 1:32:27]} O-O {[%clk 1:33:14]} 9. Ng3 {[%clk 1:32:08]} Be6 {[%clk
1:33:34]} 10. Nd5 {[%clk 1:30:42]} Bxd5 {[%clk 1:33:24]} 11. exd5 {[%clk
1:30:54]} g6 {[%clk 1:32:30]} 12. Bh6 {[%clk 1:29:17]} Re8 {[%clk 1:32:24]} 13.
c4 {[%clk 1:29:41]} Nbd7 {[%clk 1:32:13]} 14. a3 {[%clk 1:22:45]} Rb8 {[%clk
1:23:18]} 15. Qe2 {[%clk 0:52:51]} Nc5 {[%clk 1:11:14]} 16. Rad1 {[%clk
0:46:30]} Nxd3 {[%clk 1:03:27]} 17. Rxd3 {[%clk 0:41:21]} Qc8 {[%clk 0:51:27]}
18. Rc3 {[%clk 0:34:18]} Ng4 {[%clk 0:46:22]} 19. Be3 {[%clk 0:34:04]} f5
{[%clk 0:44:08]} 20. Ba7 {[%clk 0:24:59]} Ra8 {[%clk 0:44:25]} 21. Bb6 {[%clk
0:25:20]} Bd8 {[%clk 0:35:58]} 22. Bxd8 {[%clk 0:22:55]} Qxd8 {[%clk 0:35:22]}
23. b4 {[%clk 0:16:05]} Qh4 {[%clk 0:29:19]} 24. h3 {[%clk 0:15:54]} Nf6 {[%clk
0:29:18]} 25. Rd1 {[%clk 0:12:26]} e4 {[%clk 0:25:37]} 26. Rd4 {[%clk 0:10:07]}
Qf4 {[%clk 0:20:57]} 27. Qe3 {[%clk 0:07:21]} Qe5 {[%clk 0:20:56]} 28. Ne2
{[%clk 0:06:43]} Nh5 {[%clk 0:15:49]} 29. g3 {[%clk 0:06:32]} Qf6 {[%clk
0:13:00]} 30. c5 {[%clk 0:03:25]} g5 {[%clk 0:11:31]} 31. Qd2 {[%clk 0:02:39]}
f4 {[%clk 0:11:30]} 32. g4 {[%clk 0:03:02]} Ng7 {[%clk 0:07:18]} 33. c6 {[%clk
0:02:25]} Qe5 {[%clk 0:05:50]} 34. cxb7 {[%clk 0:01:46]} Rab8 {[%clk 0:06:12]}
35. Rc7 {[%clk 0:01:14]} e3 {[%clk 0:06:31]} 36. fxe3 {[%clk 0:01:37]} f3
{[%clk 0:06:25]} 37. Qc2 {[%clk 0:00:34]} Qxe3+ {[%clk 0:06:40]} 38. Kh1 {[%clk
0:00:49]} fxe2 {[%clk 0:06:55]} 0-1

[Event "DEM U14 2022"]
[Site "Willingen GER"]
[Date "2022.06.11"]
[Round "9"]
[White "Müller, Maximilian"]
[Black "Hoppstädter, Daniel"]
[Result "1/2-1/2"]
[Termination "normal"]
[Board "9"]
[WhiteElo "1875"]
[BlackElo "1987"]
[WhiteClock "00:18:28"]
[BlackClock "00:05:36"]
[PlyCount "83"]
[WhiteFideId "16243552"]
[BlackFideId "16243625"]
[EventCountry "GER"]
[EventRounds "9"]
[EventType "swiss"]
[EventDate "2022.06.04"]

1. e4 {[%clk 1:30:59]} c5 {[%clk 1:30:54]} 2. Nc3 {[%clk 1:31:17]} e6 {[%clk
1:31:18]} 3. f4 {[%clk 1:31:23]} Nc6 {[%clk 1:31:26]} 4. Bb5 {[%clk 1:30:35]}
a6 {[%clk 1:31:22]} 5. Bxc6 {[%clk 1:29:13]} bxc6 {[%clk 1:21:03]} 6. Nf3
{[%clk 1:26:51]} d5 {[%clk 1:20:52]} 7. d3 {[%clk 1:26:42]} Bd6 {[%clk
1:17:05]} 8. O-O {[%clk 1:24:36]} Ne7 {[%clk 1:17:12]} 9. Ne2 {[%clk 1:10:14]}
O-O {[%clk 1:03:29]} 10. c4 {[%clk 1:06:49]} f6 {[%clk 0:55:31]} 11. Qe1 {[%clk
1:01:33]} Bd7 {[%clk 0:38:30]} 12. Be3 {[%clk 0:57:10]} Nc8 {[%clk 0:36:50]}
13. Ng3 {[%clk 0:54:38]} Be8 {[%clk 0:32:51]} 14. Rd1 {[%clk 0:40:35]} Bf7
{[%clk 0:27:52]} 15. b3 {[%clk 0:28:53]} d4 {[%clk 0:21:52]} 16. Bd2 {[%clk
0:27:51]} e5 {[%clk 0:17:45]} 17. f5 {[%clk 0:22:19]} Qb6 {[%clk 0:14:51]} 18.
Ne2 {[%clk 0:22:38]} a5 {[%clk 0:15:14]} 19. Nc1 {[%clk 0:22:10]} a4 {[%clk
0:15:28]} 20. Qh4 {[%clk 0:22:35]} axb3 {[%clk 0:15:06]} 21. axb3 {[%clk
0:22:56]} Be7 {[%clk 0:12:31]} 22. g4 {[%clk 0:23:02]} Ra7 {[%clk 0:12:49]} 23.
Kh1 {[%clk 0:21:54]} g5 {[%clk 0:10:25]} 24. Qh6 {[%clk 0:16:59]} Re8 {[%clk
0:07:38]} 25. h4 {[%clk 0:16:42]} Bf8 {[%clk 0:07:59]} 26. Qxf6 {[%clk
0:17:06]} Bg7 {[%clk 0:08:26]} 27. Ba5 {[%clk 0:16:45]} Qxa5 {[%clk 0:07:45]}
28. Qxg5 {[%clk 0:17:04]} h6 {[%clk 0:08:11]} 29. Qd2 {[%clk 0:17:27]} Qxd2
{[%clk 0:08:29]} 30. Rxd2 {[%clk 0:17:49]} Kf8 {[%clk 0:06:04]} 31. g5 {[%clk
0:18:03]} hxg5 {[%clk 0:05:49]} 32. hxg5 {[%clk 0:18:28]} Bh5 {[%clk 0:05:46]}
33. Kg2 {[%clk 0:18:50]} Bxf3+ {[%clk 0:06:10]} 34. Kxf3 {[%clk 0:19:14]} Kf7
{[%clk 0:05:39]} 35. Rh2 {[%clk 0:16:10]} Rh8 {[%clk 0:05:36]} 36. Rxh8 Bxh8
{[%clk 0:06:05]} 37. f6 {[%clk 0:16:57]} Kg6 {[%clk 0:05:48]} 38. Rh1 {[%clk
0:16:59]} Rh7 {[%clk 0:06:04]} 39. Rxh7 {[%clk 0:17:18]} Kxh7 {[%clk 0:06:32]}
40. Kg4 {[%clk 0:17:42]} Kg6 {[%clk 0:06:49]} 41. Ne2 {[%clk 0:18:03]} Nd6
{[%clk 0:05:36]} 42. Ng1 {[%clk 0:18:28]} 1/2-1/2

[Event "DEM U14 2022"]
[Site "Willingen GER"]
[Date "2022.06.11"]
[Round "9"]
[White "Udelnov, Valentin"]
[Black "Torosyan, Bagrat"]
[Result "1/2-1/2"]
[Termination "normal"]
[Board "10"]
[WhiteElo "1967"]
[BlackElo "1734"]
[WhiteClock "00:11:51"]
[BlackClock "00:26:05"]
[PlyCount "108"]
[WhiteFideId "16265734"]
[BlackFideId "16258134"]
[EventCountry "GER"]
[EventRounds "9"]
[EventType "swiss"]
[EventDate "2022.06.04"]

1. e4 {[%clk 1:30:51]} c5 {[%clk 1:30:57]} 2. Nf3 {[%clk 1:31:14]} d6 {[%clk
1:31:23]} 3. d4 {[%clk 1:31:39]} cxd4 {[%clk 1:31:50]} 4. Nxd4 {[%clk 1:32:00]}
Nf6 {[%clk 1:32:16]} 5. Nc3 {[%clk 1:32:26]} a6 {[%clk 1:32:36]} 6. Be3 {[%clk
1:32:38]} e5 {[%clk 1:32:57]} 7. Nb3 {[%clk 1:32:59]} Be6 {[%clk 1:33:19]} 8.
f3 {[%clk 1:33:08]} Be7 {[%clk 1:33:40]} 9. Qd2 {[%clk 1:32:36]} O-O {[%clk
1:34:00]} 10. O-O-O {[%clk 1:31:57]} Nbd7 {[%clk 1:34:05]} 11. g4 {[%clk
1:29:36]} b5 {[%clk 1:34:17]} 12. Kb1 {[%clk 1:26:17]} Nb6 {[%clk 1:29:48]} 13.
g5 {[%clk 1:26:03]} Nh5 {[%clk 1:30:04]} 14. Nd5 {[%clk 1:12:09]} Nxd5 {[%clk
1:29:03]} 15. exd5 {[%clk 1:12:30]} Bf5 {[%clk 1:29:21]} 16. Na5 {[%clk
1:11:22]} f6 {[%clk 1:26:38]} 17. Nc6 {[%clk 1:10:53]} Qc7 {[%clk 1:26:45]} 18.
Rg1 {[%clk 1:05:47]} Kh8 {[%clk 1:06:07]} 19. Bd3 {[%clk 1:02:38]} Bxd3 {[%clk
0:59:40]} 20. Qxd3 {[%clk 1:01:07]} fxg5 {[%clk 0:58:33]} 21. Bxg5 {[%clk
1:00:12]} Bxg5 {[%clk 0:58:35]} 22. Rxg5 {[%clk 1:00:36]} g6 {[%clk 0:56:31]}
23. Qe3 {[%clk 0:49:56]} Rae8 {[%clk 0:46:11]} 24. Rgg1 {[%clk 0:47:50]} Nf4
{[%clk 0:41:21]} 25. Qe4 {[%clk 0:40:53]} Rc8 {[%clk 0:37:47]} 26. c3 {[%clk
0:12:31]} Nxd5 {[%clk 0:33:48]} 27. Qxd5 {[%clk 0:10:47]} Qxc6 {[%clk 0:34:07]}
28. Qxd6 {[%clk 0:11:08]} Qxd6 {[%clk 0:34:19]} 29. Rxd6 {[%clk 0:11:30]} Rxf3
{[%clk 0:34:38]} 30. Re6 {[%clk 0:11:55]} Rd8 {[%clk 0:31:31]} 31. Rg2 {[%clk
0:12:04]} Re3 {[%clk 0:23:39]} 32. Rxa6 {[%clk 0:12:03]} e4 {[%clk 0:23:21]}
33. Re6 {[%clk 0:11:46]} Re1+ {[%clk 0:23:39]} 34. Kc2 {[%clk 0:12:10]} e3
{[%clk 0:23:54]} 35. Re7 {[%clk 0:08:33]} Rf8 {[%clk 0:21:23]} 36. Rg3 {[%clk
0:03:39]} Rf2+ {[%clk 0:20:32]} 37. Kb3 {[%clk 0:04:06]} Ree2 {[%clk 0:18:38]}
38. Rgxe3 {[%clk 0:04:15]} Rxb2+ {[%clk 0:18:31]} 39. Ka3 {[%clk 0:04:42]}
Rxa2+ {[%clk 0:18:53]} 40. Kb4 {[%clk 0:05:07]} Rab2+ {[%clk 0:17:46]} 41. Kc5
{[%clk 0:05:27]} Rf5+ {[%clk 0:17:23]} 42. Kc6 {[%clk 0:28:55]} Rxh2 {[%clk
0:43:30]} 43. Rb7 {[%clk 0:21:23]} Rf6+ {[%clk 0:42:11]} 44. Kc5 {[%clk
0:21:21]} Rh5+ {[%clk 0:41:32]} 45. Kb4 {[%clk 0:21:43]} Rf4+ {[%clk 0:40:59]}
46. Kb3 {[%clk 0:22:09]} Rf8 {[%clk 0:37:10]} 47. Ree7 {[%clk 0:20:40]} Rh1
{[%clk 0:33:01]} 48. Kc2 {[%clk 0:14:18]} Rh5 {[%clk 0:31:38]} 49. Kb3 {[%clk
0:14:25]} Rc8 {[%clk 0:31:29]} 50. Red7 {[%clk 0:12:25]} Rh3 {[%clk 0:30:53]}
51. Kb2 {[%clk 0:12:45]} Rh5 {[%clk 0:30:14]} 52. Kb3 {[%clk 0:13:03]} Rh1
{[%clk 0:29:10]} 53. Kc2 {[%clk 0:12:07]} Rh2+ {[%clk 0:27:19]} 54. Kb3 {[%clk
0:11:51]} Rh5 {[%clk 0:26:05]} 1/2-1/2

[Event "DEM U14 2022"]
[Site "Willingen GER"]
[Date "2022.06.11"]
[Round "9"]
[White "Kempe, Caius Emilian"]
[Black "Schwan, Aaron"]
[Result "1/2-1/2"]
[Termination "normal"]
[Board "12"]
[WhiteElo "1973"]
[BlackElo "1671"]
[WhiteClock "00:31:54"]
[BlackClock "00:06:27"]
[PlyCount "163"]
[WhiteFideId "16246861"]
[BlackFideId "34603220"]
[EventCountry "GER"]
[EventRounds "9"]
[EventType "swiss"]
[EventDate "2022.06.04"]

1. d4 {[%clk 1:30:57]} d5 {[%clk 1:30:57]} 2. c4 {[%clk 1:31:21]} e6 {[%clk
1:31:22]} 3. Nc3 {[%clk 1:31:39]} c6 {[%clk 1:31:50]} 4. cxd5 {[%clk 1:31:49]}
exd5 {[%clk 1:32:18]} 5. Nf3 {[%clk 1:32:00]} Nf6 {[%clk 1:32:38]} 6. Bg5
{[%clk 1:32:13]} Be7 {[%clk 1:33:06]} 7. Qc2 {[%clk 1:32:24]} g6 {[%clk
1:32:24]} 8. e4 {[%clk 1:32:19]} dxe4 {[%clk 1:30:21]} 9. Bxf6 {[%clk 1:31:04]}
Bxf6 {[%clk 1:30:13]} 10. Qxe4+ {[%clk 1:31:27]} Qe7 {[%clk 1:27:26]} 11. O-O-O
{[%clk 1:29:58]} O-O {[%clk 1:24:55]} 12. Qxe7 {[%clk 1:30:00]} Bxe7 {[%clk
1:25:24]} 13. Bc4 {[%clk 1:29:04]} Bf5 {[%clk 1:22:42]} 14. Rhe1 {[%clk
1:28:43]} Bf6 {[%clk 1:21:56]} 15. h3 {[%clk 1:27:02]} h5 {[%clk 1:19:58]} 16.
Ne4 {[%clk 1:21:26]} Bxe4 {[%clk 0:58:09]} 17. Rxe4 {[%clk 1:21:25]} Nd7 {[%clk
0:58:26]} 18. d5 {[%clk 1:19:43]} cxd5 {[%clk 0:52:28]} 19. Bxd5 {[%clk
1:18:16]} Nc5 {[%clk 0:52:37]} 20. Rc4 {[%clk 1:16:02]} Rac8 {[%clk 0:52:27]}
21. Kb1 {[%clk 1:15:27]} b5 {[%clk 0:50:24]} 22. Rf4 {[%clk 1:12:11]} Kg7
{[%clk 0:48:09]} 23. g4 {[%clk 1:08:23]} hxg4 {[%clk 0:47:19]} 24. hxg4 {[%clk
1:08:46]} Na4 {[%clk 0:45:20]} 25. g5 {[%clk 1:04:57]} Bxb2 {[%clk 0:36:32]}
26. Rxa4 {[%clk 1:04:52]} bxa4 {[%clk 0:37:00]} 27. Kxb2 {[%clk 1:05:21]} Rfd8
{[%clk 0:37:04]} 28. Rd3 {[%clk 0:57:07]} a3+ {[%clk 0:30:29]} 29. Kb3 {[%clk
0:57:02]} Rc5 {[%clk 0:30:31]} 30. Bc4 {[%clk 0:56:03]} Rb8+ {[%clk 0:30:07]}
31. Kc3 {[%clk 0:56:31]} Rbc8 {[%clk 0:28:18]} 32. Nd2 {[%clk 0:56:35]} Rxg5
{[%clk 0:26:44]} 33. Rd7 {[%clk 0:56:57]} Rf5 {[%clk 0:25:57]} 34. f3 {[%clk
0:57:23]} Kh6 {[%clk 0:22:22]} 35. Rxa7 {[%clk 0:53:32]} Rf4 {[%clk 0:18:50]}
36. Rxa3 {[%clk 0:49:01]} f5 {[%clk 0:09:41]} 37. Ra4 {[%clk 0:47:36]} g5
{[%clk 0:09:45]} 38. Kd3 {[%clk 0:47:49]} Rd8+ {[%clk 0:09:36]} 39. Ke3 {[%clk
0:48:07]} Rfd4 {[%clk 0:08:42]} 40. Nb3 {[%clk 0:47:56]} R4d6 {[%clk 0:07:31]}
41. Nc1 {[%clk 0:44:51]} Rd2 {[%clk 0:03:45]} 42. Ra6+ {[%clk 0:42:15]} Kh5
{[%clk 0:02:45]} 43. Ne2 {[%clk 0:40:46]} f4+ {[%clk 0:00:41]} 44. Kf2 {[%clk
0:41:01]} R2d6 {[%clk 0:00:49]} 45. Ra5 {[%clk 0:39:32]} Kg6 {[%clk 0:29:06]}
46. a4 {[%clk 1:09:18]} Rh8 47. Re5 {[%clk 1:05:42]} Rd1 {[%clk 0:27:27]} 48.
Kg2 {[%clk 1:05:22]} Rdh1 {[%clk 0:27:15]} 49. Re6+ {[%clk 1:02:57]} Kg7 {[%clk
0:27:13]} 50. Re7+ {[%clk 1:01:17]} Kf8 {[%clk 0:23:54]} 51. Rf7+ {[%clk
1:00:41]} Ke8 {[%clk 0:24:19]} 52. Nxf4 {[%clk 1:00:00]} R8h2+ {[%clk 0:23:59]}
53. Kg3 {[%clk 1:00:28]} gxf4+ {[%clk 0:24:13]} 54. Rxf4 {[%clk 0:59:25]} Rh3+
{[%clk 0:24:26]} 55. Kf2 {[%clk 0:59:47]} Rc1 {[%clk 0:22:00]} 56. Re4+ {[%clk
0:56:57]} Kd8 {[%clk 0:22:12]} 57. Rd4+ {[%clk 0:53:11]} Kc7 {[%clk 0:22:00]}
58. Bd5 {[%clk 0:53:10]} Kb6 {[%clk 0:19:34]} 59. Rc4 {[%clk 0:49:43]} Rd1
{[%clk 0:17:47]} 60. Be4 {[%clk 0:49:12]} Rh8 {[%clk 0:17:01]} 61. Bc6 {[%clk
0:47:03]} Rd6 {[%clk 0:15:43]} 62. Bb5 {[%clk 0:47:20]} Rf8 {[%clk 0:16:04]}
63. f4 {[%clk 0:46:45]} Rf5 {[%clk 0:14:15]} 64. Kf3 {[%clk 0:46:44]} Rdf6
{[%clk 0:13:57]} 65. Kg4 {[%clk 0:45:17]} Rd5 {[%clk 0:12:12]} 66. Rc2 {[%clk
0:43:46]} Rg6+ {[%clk 0:11:05]} 67. Kf3 {[%clk 0:44:10]} Rf6 {[%clk 0:09:23]}
68. Rf2 {[%clk 0:43:54]} Kc7 {[%clk 0:09:07]} 69. Ke4 {[%clk 0:41:55]} Kd6
{[%clk 0:08:49]} 70. Rc2 {[%clk 0:41:39]} Re6+ {[%clk 0:08:12]} 71. Kf3 {[%clk
0:42:04]} Re1 {[%clk 0:07:54]} 72. Rc8 {[%clk 0:41:51]} Ra1 {[%clk 0:06:37]}
73. Rd8+ {[%clk 0:39:37]} Kc5 {[%clk 0:07:05]} 74. Rf8 {[%clk 0:39:44]} Kd6
{[%clk 0:06:50]} 75. Bc4 {[%clk 0:34:54]} Rc5 {[%clk 0:06:21]} 76. Bb5 {[%clk
0:33:52]} Ke7 {[%clk 0:06:36]} 77. Re8+ {[%clk 0:33:50]} Kf7 {[%clk 0:07:02]}
78. Re3 {[%clk 0:33:12]} Kf6 {[%clk 0:06:59]} 79. Ke4 {[%clk 0:33:14]} Rd1
{[%clk 0:06:22]} 80. Bd3 {[%clk 0:32:48]} Ra5 {[%clk 0:05:58]} 81. Bb5 {[%clk
0:32:47]} Ra7 {[%clk 0:06:27]} 82. Kf3 {[%clk 0:31:54]} 1/2-1/2

[Event "DEM U14 2022"]
[Site "Willingen GER"]
[Date "2022.06.11"]
[Round "9"]
[White "Bräutigam, Alexander"]
[Black "Sundui, Chinguun"]
[Result "1/2-1/2"]
[Termination "normal"]
[Board "16"]
[WhiteElo "1749"]
[BlackElo "1793"]
[WhiteClock "00:43:43"]
[BlackClock "00:17:15"]
[PlyCount "60"]
[WhiteFideId "16245210"]
[BlackFideId "4907930"]
[EventCountry "GER"]
[EventRounds "9"]
[EventType "swiss"]
[EventDate "2022.06.04"]

1. d4 d5 {[%clk 1:30:54]} 2. c4 {[%clk 1:31:22]} c6 {[%clk 1:31:20]} 3. Nc3
{[%clk 1:31:45]} Nf6 {[%clk 1:31:44]} 4. cxd5 {[%clk 1:32:09]} cxd5 {[%clk
1:32:08]} 5. Nf3 {[%clk 1:32:28]} Nc6 {[%clk 1:32:21]} 6. Bf4 {[%clk 1:32:45]}
a6 {[%clk 1:31:56]} 7. e3 {[%clk 1:31:46]} e6 {[%clk 1:31:02]} 8. Be2 {[%clk
1:31:24]} Bd6 {[%clk 1:30:05]} 9. Bxd6 {[%clk 1:31:08]} Qxd6 {[%clk 1:30:27]}
10. a3 {[%clk 1:31:03]} b5 {[%clk 1:28:45]} 11. b4 {[%clk 1:31:15]} O-O {[%clk
1:26:12]} 12. O-O {[%clk 1:31:37]} Ne4 {[%clk 1:25:17]} 13. Qc2 {[%clk
1:26:07]} f5 {[%clk 1:24:32]} 14. Nd2 {[%clk 1:25:34]} Bd7 {[%clk 1:23:12]} 15.
f4 {[%clk 1:20:46]} Qe7 {[%clk 1:21:13]} 16. Nb3 {[%clk 1:15:19]} Rfc8 {[%clk
1:18:17]} 17. Nc5 {[%clk 1:15:15]} Nf6 {[%clk 1:14:17]} 18. Rfb1 {[%clk
1:12:28]} Ng4 {[%clk 1:05:25]} 19. Qd2 {[%clk 1:09:05]} Qd6 {[%clk 0:52:33]}
20. a4 {[%clk 1:07:25]} Na7 {[%clk 0:50:19]} 21. axb5 {[%clk 1:04:08]} Nxb5
{[%clk 0:46:53]} 22. Nxb5 {[%clk 1:03:51]} Bxb5 {[%clk 0:45:41]} 23. Bxb5
{[%clk 1:04:04]} axb5 {[%clk 0:45:59]} 24. h3 {[%clk 1:04:05]} Nf6 {[%clk
0:46:10]} 25. Qb2 {[%clk 1:03:08]} Ne4 {[%clk 0:45:24]} 26. Ra3 {[%clk
1:02:50]} g5 {[%clk 0:37:13]} 27. Rf1 {[%clk 0:50:56]} Rxa3 {[%clk 0:30:46]}
28. Qxa3 {[%clk 0:51:19]} Nd2 {[%clk 0:30:54]} 29. Re1 {[%clk 0:51:05]} Ne4
{[%clk 0:29:03]} 30. Rf1 {[%clk 0:43:43]} Nd2 {[%clk 0:17:15]} 1/2-1/2

[Event "DEM U14 2022"]
[Site "Willingen GER"]
[Date "2022.06.11"]
[Round "9"]
[White "Shapiro, Danil"]
[Black "Goldinov, Daniel"]
[Result "0-1"]
[Termination "normal"]
[Board "19"]
[WhiteElo "1468"]
[BlackElo "1626"]
[WhiteClock "01:02:16"]
[BlackClock "00:19:00"]
[PlyCount "95"]
[WhiteFideId "16260015"]
[BlackFideId "34605649"]
[EventCountry "GER"]
[EventRounds "9"]
[EventType "swiss"]
[EventDate "2022.06.04"]

1. e4 {[%clk 1:30:56]} d5 {[%clk 1:30:19]} 2. exd5 {[%clk 1:31:18]} Nf6 {[%clk
1:30:23]} 3. Nc3 {[%clk 1:31:03]} Nxd5 {[%clk 1:30:01]} 4. Bc4 {[%clk 1:31:27]}
c6 {[%clk 1:15:26]} 5. Nf3 {[%clk 1:28:52]} Bg4 {[%clk 1:14:23]} 6. h3 {[%clk
1:29:10]} Bh5 {[%clk 1:13:04]} 7. Nxd5 {[%clk 1:29:18]} cxd5 {[%clk 1:12:35]}
8. Bb5+ {[%clk 1:29:44]} Nc6 {[%clk 1:12:09]} 9. O-O {[%clk 1:27:45]} e6 {[%clk
1:08:57]} 10. d4 {[%clk 1:17:38]} Bd6 {[%clk 1:03:10]} 11. c3 {[%clk 1:16:14]}
O-O {[%clk 1:02:07]} 12. Rb1 {[%clk 1:06:31]} a6 13. Bd3 {[%clk 1:05:32]} b5
{[%clk 0:36:58]} 14. g4 {[%clk 1:05:08]} Bg6 {[%clk 0:35:51]} 15. Bxg6 {[%clk
1:05:35]} hxg6 16. Bd2 e5 {[%clk 0:25:43]} 17. dxe5 {[%clk 1:03:57]} Nxe5
{[%clk 0:25:30]} 18. Bf4 {[%clk 1:04:19]} Nxf3+ {[%clk 0:25:27]} 19. Qxf3
{[%clk 1:04:43]} Qf6 {[%clk 0:25:18]} 20. Qxd5 {[%clk 1:02:57]} Qxf4 {[%clk
0:25:23]} 21. Qg2 {[%clk 1:03:12]} Rfe8 {[%clk 0:24:16]} 22. Rbd1 {[%clk
1:03:37]} Rad8 {[%clk 0:23:55]} 23. Rd4 {[%clk 1:03:50]} Qe5 {[%clk 0:21:33]}
24. Rd5 {[%clk 1:02:22]} Qe6 {[%clk 0:21:15]} 25. Rfd1 {[%clk 1:00:52]} Qxd5
{[%clk 0:18:16]} 26. Qxd5 {[%clk 1:00:44]} Bh2+ {[%clk 0:18:01]} 27. Kxh2
{[%clk 1:00:44]} Rxd5 {[%clk 0:18:27]} 28. Rxd5 {[%clk 1:01:06]} Re2 {[%clk
0:18:34]} 29. Rd8+ {[%clk 1:01:26]} Kh7 {[%clk 0:18:50]} 30. Ra8 {[%clk
1:01:40]} Rxf2+ {[%clk 0:19:07]} 31. Kg3 {[%clk 1:02:05]} Rxb2 {[%clk 0:19:28]}
32. Rxa6 {[%clk 1:02:31]} Rc2 {[%clk 0:18:57]} 33. Rc6 {[%clk 0:58:09]} Rxa2
{[%clk 0:12:33]} 34. Rc5 {[%clk 0:58:10]} Ra3 {[%clk 0:11:49]} 35. Rxb5 {[%clk
0:58:18]} Rxc3+ {[%clk 0:12:08]} 36. Kg2 {[%clk 0:58:44]} Re3 {[%clk 0:08:20]}
37. Rb7 {[%clk 0:58:33]} f6 {[%clk 0:07:22]} 38. Rb8 {[%clk 0:53:11]} g5 {[%clk
0:06:37]} 39. Rf8 {[%clk 0:45:09]} Re7 {[%clk 0:06:16]} 40. Kf3 {[%clk
0:41:12]} Kg6 {[%clk 0:04:47]} 41. Kg3 {[%clk 0:41:37]} Rf7 {[%clk 0:04:52]}
42. Ra8 {[%clk 0:41:40]} Kh7 {[%clk 0:04:53]} 43. h4 {[%clk 0:36:30]} gxh4+
{[%clk 0:03:53]} 44. Kxh4 {[%clk 0:36:57]} Kg6 {[%clk 0:03:16]} 45. Ra6 {[%clk
0:36:22]} Re7 {[%clk 0:02:46]} 46. Rb6 {[%clk 0:36:18]} Re3 {[%clk 0:02:13]}
47. Rb5 {[%clk 0:35:11]} Kh7 {[%clk 0:19:00]} 48. Rf5 {[%clk 1:02:16]} 0-1